Banky v zahraničí

Z obsahu: Nad českým bankovým nebom sa podľa The Economist zmráka. Ruská centrálna banka popiera známky bankovej krízy. Trend zlučovania bánk vo svete nasledujú NationsBank a UBS (Union Bank of Switzerland). Celý maďarský bankový sektor má byť do konca roka v súkromných rukách.

Gespeichert in:
Bibliographische Detailangaben
Format: Buchkapitel
Sprache:Slowakisch
Schlagworte:
Tags: Tag hinzufügen
Keine Tags, Fügen Sie das erste Tag hinzu!

MARC

LEADER 00000naa a2200000 4500
001 r027707
005 20230921081033.1
041 0 |a slo 
044 |a SK 
245 1 0 |a Banky v zahraničí 
520 |a Z obsahu: Nad českým bankovým nebom sa podľa The Economist zmráka. Ruská centrálna banka popiera známky bankovej krízy. Trend zlučovania bánk vo svete nasledujú NationsBank a UBS (Union Bank of Switzerland). Celý maďarský bankový sektor má byť do konca roka v súkromných rukách. 
610 2 0 |a banky 
610 2 0 |a kríza banková 
610 2 0 |a fúzie 
610 2 0 |a privatizácia 
610 2 0 |a banky centrálne 
610 2 0 |a Česko 
610 2 0 |a Rusko 
610 2 0 |a USA 
610 2 0 |a Švajčiarsko 
610 2 0 |a Maďarsko